| 000 | 01388cab a2200325 4500 | ||
|---|---|---|---|
| 001 | ABS46730 | ||
| 008 | 090401t1992 xxu||||| |||| 00| 0 eng d | ||
| 035 | _a(Sirsi) u59377 | ||
| 041 | _aeng | ||
| 245 | _aRetail market | ||
| 260 | _c1992 | ||
| 300 | _aLOAN | ||
| 350 | _a0 | ||
| 490 |
_aEstates Times _vSupplement 17 July 1992 (50) |
||
| 520 | _aSurvey of retail property including articles on Norwich Union`s successful approach to retail development, the essential ingredients for successful shopping centre development, the contradiction between the developers claims of lack of demand and retailers continuing expansion plans, a top ten of shopping centres, tenants rights, a survey of new centres, an analysis of retailers favourite centres, the home shopping market, the implications of Sunday opening, a new concept in food retailing from the USA warehouse clubs and the effects of new planning guidance. | ||
| 650 | _aBREAK CLAUSES | ||
| 650 | _aHOME SHOPPING | ||
| 650 | _aPLANNING POLICY GUIDANCE NOTE 12 | ||
| 650 | _aPPG12 | ||
| 650 | _aPRIVITY OF CONTRACT | ||
| 650 | _aRANKING | ||
| 650 | _aSERVICE CHARGES | ||
| 650 | _aSHOPPING CENTRES | ||
| 650 | _aSUNDAY TRADING | ||
| 650 | _aTOWN AND COUNTRY PLANNING ACT 1990 | ||
| 650 | _aWAREHOUSE CLUBS | ||
| 690 | _aPROPERTY-COMMERCIAL PROPERTY-RETAIL PROPERTY | ||
| 942 | _n0 | ||
| 948 | _c04/03/1997 | ||
| 999 |
_c36434 _d36434 |
||